[Event "Open Aubagne 2024/25"]
[Site "AubagneGNE"]
[Date "2025.03.01"]
[Round "8.10"]
[Board "10"]
[White "Leonti, Denis"]
[Black "Proud'Hon, Gabriel"]
[Result "0-1"]
[WhiteElo "1502"]
[BlackElo "1800"]
[PlyCount "108"]
[GameId "2152542668505251"]
[WhiteTeam "Hay Chess"]
[BlackTeam "Hay Chess"]

1. e4 c5 2. Nc3 d6 3. g3 Nc6 4. Bg2 g6 5. d3 Bg7 6. Be3 Nf6 7. Nge2 O-O 8. d4 Ng4 9. dxc5 Nxe3 10. fxe3 dxc5 11. O-O Ne5 12. h3 Nc4 13. Qc1 Be6 14. Rd1 Qc8 15. Nf4 Bd7 16. Kh2 Bc6 17. Nfd5 Re8 18. Bf1 Nd6 19. Bg2 b5 20. a3 Qb7 21. Ne2 e6 22. Ndc3 Nxe4 23. Nxe4 Bxe4 24. Bxe4 Qxe4 25. Rd7 Qf3 26. Qf1 Qxf1 27. Rxf1 Rf8 28. c3 a6 29. Rfd1 Bf6 30. Rb7 Rad8 31. Rdd7 Rxd7 32. Rxd7 Rd8 33. Rxd8+ Bxd8 34. Kg2 Kg7 35. Kf3 f5 36. Nf4 Kf6 37. Nd3 Be7 38. e4 Bd6 39. e5+ Bxe5 40. Nxc5 a5 41. a4 Bd6 42. Nb7 Bc7 43. axb5 e5 44. g4 e4+ 45. Ke2 f4 46. Nc5 f3+ 47. Kf1 Ke5 48. Nd7+ Kf4 49. b6 Bd6 50. Nf6 e3 51. Nd5+ Ke4 52. Nf6+ Kd3 53. Nd5 e2+ 54. Kf2 Bg3+ 0-1

[Event "Open Aubagne 2024/25"]
[Site "Aubagne"]
[Date "2025.03.02"]
[Round "8.11"]
[White "Jardel, Stephane"]
[Black "Normand, Christophe"]
[Result "0-1"]
[WhiteElo "1653"]
[BlackElo "1543"]
[PlyCount "76"]
[WhiteTeam "Cercle d'Echecs Aubagnais"]
[BlackTeam "Club d'Echecs Pennois (CEP)"]

1. c4 c5 2. Nc3 Nf6 3. d3 d5 4. cxd5 Nxd5 5. g3 e5 6. Bg2 Nc7 7. Nf3 Nc6 8. O-O
Be7 9. Qc2 O-O 10. Rd1 Bf5 11. Be3 Rb8 12. Nd2 Nd4 13. Bxd4 exd4 14. Be4 dxc3
15. Qxc3 Bxe4 16. Nxe4 Nb5 17. Qd2 f5 18. Nc3 Nxc3 19. bxc3 Bg5 20. f4 Bf6 21.
d4 cxd4 22. cxd4 Qd5 23. e3 Rbd8 24. Rac1 b6 25. a3 Rc8 26. Qd3 Rxc1 27. Rxc1
Re8 28. Kf2 h5 29. h4 Kh7 30. Re1 Re4 31. Re2 g6 32. Rd2 Re7 33. Rc2 Qh1 34. d5
Qh2+ 35. Kf3 Qh1+ 36. Rg2 Qc1 37. Rd2 Qe1 38. Re2 Qf1+ 0-1

[Event "Open Aubagne 2024/25"]
[Site "AubagneGNE"]
[Date "2025.03.01"]
[Round "8.13"]
[Board "13"]
[White "Gamblin, Vincent"]
[Black "Pouliquen, Gilbert"]
[Result "1-0"]
[WhiteElo "1623"]
[BlackElo "1428"]
[PlyCount "89"]
[GameId "2152549285368131"]
[WhiteTeam "L'Echiquier du Roy René"]
[BlackTeam "Echiquier Marseillais 1872"]

1. e4 c5 2. Nf3 Nc6 3. d4 cxd4 4. Nxd4 g6 5. Nc3 Bg7 6. Be3 Nf6 7. Nxc6 bxc6 8. Be2 d5 9. e5 Nd7 10. f4 O-O 11. O-O Nb6 12. b3 a5 13. Qd4 Bf5 14. Qxb6 Qxb6 15. Bxb6 Bxc2 16. Rac1 Bf5 17. Na4 Rfc8 18. Bc5 Re8 19. g4 Be4 20. Nc3 e6 21. Nxe4 dxe4 22. Bd6 Rac8 23. Rc4 f5 24. g5 h6 25. h4 h5 26. Rfc1 Bf8 27. Bxf8 Kxf8 28. Rxc6 Rxc6 29. Rxc6 Rd8 30. a4 Rd2 31. Kf2 Rb2 32. Rxe6 Rxb3 33. Rxg6 Rh3 34. Bxh5 Rxh4 35. Rf6+ Ke7 36. Be2 Rh2+ 37. Ke3 Rh3+ 38. Kd4 Ra3 39. g6 Rxa4+ 40. Kd5 Ra3 41. Rxf5 Rg3 42. Rg5 Rh3 43. Kxe4 Rh8 44. g7 Rg8 45. Bc4 1-0

[Event "Open Aubagne 2024/25"]
[Site "Aubagne"]
[Date "2025.03.02"]
[Round "8.14"]
[White "Benezra, David"]
[Black "Innocenti, Georges"]
[Result "1-0"]
[WhiteElo "1619"]
[BlackElo "1399"]
[PlyCount "53"]
[WhiteTeam "L'Echiquier du Roy René"]
[BlackTeam "La Dame de la Sainte Baume"]

1. Nf3 d5 2. g3 Nf6 3. Bg2 c6 4. d3 h6 5. O-O e6 6. Nbd2 Bd6 7. e4 dxe4 8. dxe4
e5 9. Nc4 Nxe4 10. Nfxe5 Bxe5 11. Qxd8+ Kxd8 12. Nxe5 Ng5 13. Bxg5+ f6 14.
Bxf6+ gxf6 15. Nf7+ Ke7 16. Nxh8 Bf5 17. Rfe1+ Kf8 18. Rad1 Na6 19. Rd6 Kg7 20.
Re7+ Kxh8 21. c3 Rc8 22. Rxf6 Bc2 23. Rxh6+ Kg8 24. Rxb7 Rd8 25. h4 Ra8 26.
Rxc6 Nb8 27. Rc8# 1-0

[Event "Open Aubagne 2024/25"]
[Site "AubagneGNE"]
[Date "2025.03.01"]
[Round "8.15"]
[Board "15"]
[White "Turpin, Isabelle"]
[Black "Dessagnes, Enzo"]
[Result "0-1"]
[WhiteElo "1432"]
[BlackElo "1573"]
[PlyCount "126"]
[GameId "2152550671331668"]
[WhiteTeam "Cercle d'Echecs Aubagnais"]
[BlackTeam "Cercle d'Echecs Aubagnais"]

1. d4 d5 2. c4 dxc4 3. Qa4+ Bd7 4. Qxc4 e6 5. Nf3 Nf6 6. Ne5 Be7 7. Qc2 Nc6 8. e3 a6 9. Bd3 Nb4 10. Qb3 Nxd3+ 11. Qxd3 Bb5 12. Qc2 a5 13. a4 Ba6 14. Bd2 b6 15. Nc3 O-O 16. Ne4 Bb7 17. f3 Nxe4 18. fxe4 Bh4+ 19. g3 Bf6 20. Nf3 Re8 21. h4 c5 22. Bc3 cxd4 23. exd4 Rc8 24. Qd3 Qd7 25. e5 Qd5 26. O-O Bxe5 27. Kh2 Bf6 28. Rf2 e5 29. Qf5 e4 30. Ng5 Bxg5 31. Qxg5 Qxg5 32. hxg5 e3 33. Re2 Bf3 34. Ree1 Re4 35. Rac1 Rce8 36. d5 Rd8 37. Bd4 Rxd4 38. Rxe3 Bxd5 39. Rce1 Rd2+ 40. Kg1 Be6 41. Rc1 Rd1+ 42. Rxd1 Rxd1+ 43. Kf2 Rd2+ 44. Ke1 Rxb2 45. Rd3 Kf8 46. Rd8+ Ke7 47. Rh8 Bf5 48. g4 Bxg4 49. Rxh7 Bf5 50. Rxg7 Rg2 51. Rg8 f6 52. Rg7+ Ke6 53. Rb7 fxg5 54. Rxb6+ Kf7 55. Rb5 Rg1+ 56. Kf2 Rf1+ 57. Kxf1 Bd3+ 58. Ke1 Bxb5 59. axb5 Ke7 60. Kd2 Kd6 61. Kc3 Kc5 62. b6 Kxb6 63. Kc4 g4 0-1

[Event "Open Aubagne 2024/25"]
[Site "Aubagne"]
[Date "2025.03.02"]
[Round "8.16"]
[White "Khojasteh, Armand"]
[Black "Autouard, Jean-Luc"]
[Result "1-0"]
[WhiteElo "1506"]
[BlackElo "1551"]
[PlyCount "55"]
[WhiteTeam "Club Provence Echecs"]
[BlackTeam "Cercle d'Echecs Aubagnais"]

1. c4 e5 2. g3 Nf6 3. Bg2 Bc5 4. Nc3 O-O 5. e3 Qe8 6. Nge2 d6 7. O-O Nc6 8. Nb5
Qe7 9. a3 a6 10. Nbc3 Be6 11. d4 exd4 12. exd4 Ba7 13. d5 Bd7 14. dxc6 bxc6 15.
h3 Be6 16. b3 Qd7 17. Kh2 d5 18. Nf4 d4 19. Nxe6 fxe6 20. Ne4 Nxe4 21. Bxe4 e5
22. Qd3 g6 23. Bh6 Rf6 24. f3 Rb8 25. Rf2 c5 26. Raf1 Rbb6 27. Qe2 Rxb3 28.
Bd5+ 1-0

[Event "Open Aubagne 2024/25"]
[Site "AubagneGNE"]
[Date "2025.03.01"]
[Round "8.17"]
[Board "17"]
[White "Portes, Daniel"]
[Black "Pala, Gerard"]
[Result "1-0"]
[WhiteElo "1527"]
[BlackElo "1472"]
[PlyCount "139"]
[GameId "2152556850098565"]
[WhiteTeam "Hay Chess"]
[BlackTeam "Cercle d'Echecs Aubagnais"]

1. e4 c6 2. d4 d5 3. Nc3 dxe4 4. Nxe4 Nd7 5. Qe2 Ngf6 6. Nxf6+ Nxf6 7. Nf3 Bg4 8. h3 Bh5 9. g4 Bg6 10. c3 e6 11. Ne5 Bd6 12. Nxg6 hxg6 13. Bg5 Qc7 14. Bxf6 gxf6 15. O-O-O O-O-O 16. Kb1 Rde8 17. Qf3 f5 18. Bg2 Qb6 19. Rhe1 Re7 20. Ka1 Rhe8 21. Re2 Bc7 22. Rde1 Kb8 23. Qd3 a6 24. c4 Rd8 25. d5 e5 26. gxf5 g5 27. f6 Ree8 28. Qb3 Rd6 29. Qxb6 Bxb6 30. Rxe5 Rxe5 31. Rxe5 Rxf6 32. f3 cxd5 33. cxd5 Rg6 34. Rf5 f6 35. d6 Kc8 36. Rd5 Kd7 37. Rd3 f5 38. f4 Rxd6 39. Rxd6+ Kxd6 40. fxg5 Bd8 41. g6 Bf6 42. Bxb7 a5 43. a4 Ke7 44. Bd5 f4 45. Kb1 Kf8 46. b4 axb4 47. a5 Bd4 48. Kc2 Kg7 49. Be4 Bc5 50. h4 Bd4 51. h5 Bc5 52. Bf3 Bd6 53. a6 Bc5 54. Kb3 Kh6 55. Kc4 Ba7 56. Kxb4 Bb6 57. Kb5 Ba7 58. Kc6 Kg7 59. Kb7 Bd4 60. a7 Bxa7 61. Kxa7 Kh6 62. Kb6 Kg7 63. Kc5 Kh6 64. Kd5 Kg7 65. Ke5 Kh6 66. Kxf4 Kg7 67. Kg5 Kg8 68. h6 Kh8 69. Kf6 Kg8 70. h7+ 1-0

[Event "Open Aubagne 2024/25"]
[Site "Aubagne"]
[Date "2025.02.02"]
[Round "8.18"]
[White "Rocchia, Alex"]
[Black "Roganova, Jeremy"]
[Result "0-1"]
[WhiteElo "1515"]
[BlackElo "1457"]
[PlyCount "54"]
[WhiteTeam "Cercle d'Echecs Aubagnais"]
[BlackTeam "Cercle d'Echecs Aubagnais"]

1. e4 c5 2. Nc3 d6 3. f4 g6 4. Nf3 Nf6 5. Bc4 Bg7 6. d3 O-O 7. O-O Nc6 8. Bb5
Bg4 9. Bxc6 bxc6 10. h3 Bd7 11. Qe1 Qc8 12. Qh4 Nh5 13. g4 Nf6 14. f5 Qc7 15.
Bh6 d5 16. Ng5 Rab8 17. fxg6 fxg6 18. Rxf6 exf6 19. Bxg7 fxg5 20. Qxg5 Kxg7 21.
Kg2 Rxb2 22. Re1 Rxc2+ 23. Re2 Rxc3 24. exd5 Rxd3 25. Re7+ Kg8 26. Qh4 Rd2+ 27.
Kg1 Qh2# 0-1

[Event "Open Aubagne 2024/25"]
[Site "AubagneGNE"]
[Date "2025.03.01"]
[Round "8.19"]
[Board "19"]
[White "Pretini, Augustin"]
[Black "Peucelle, Richard"]
[Result "1-0"]
[WhiteElo "1484"]
[BlackElo "1399"]
[PlyCount "61"]
[GameId "2152553821745510"]
[WhiteTeam "Cercle d'Echecs Aubagnais"]
[BlackTeam "Cercle d'Echecs Aubagnais"]

1. d4 d5 2. c4 dxc4 3. e4 e6 4. Bxc4 Bb4+ 5. Bd2 Nc6 6. Bb5 Qe7 7. Qa4 Bd7 8. Bxb4 Nxb4 9. Bxd7+ Kd8 10. a3 Nd3+ 11. Ke2 Nxb2 12. Qb5 Nf6 13. Qxb7 Kxd7 14. e5 Rhb8 15. exf6 Rxb7 16. fxe7 Kxe7 17. Nf3 Rd8 18. Nbd2 Na4 19. Ke3 Nc3 20. Rhc1 Nd5+ 21. Kd3 Nf4+ 22. Ke4 Ng6 23. Ne5 Nxe5 24. Kxe5 Rd5+ 25. Ke4 f5+ 26. Ke3 Kd6 27. Nc4+ Ke7 28. Rab1 Rxb1 29. Rxb1 c5 30. Rb7+ Kf6 31. dxc5 1-0

[Event "Open Aubagne 2024/25"]
[Site "Aubagne"]
[Date "2025.03.02"]
[Round "8.20"]
[White "Engles, Simeon"]
[Black "Periale, Albert"]
[Result "1-0"]
[WhiteElo "1299"]
[BlackElo "1460"]
[PlyCount "67"]
[WhiteTeam "Hay Chess"]
[BlackTeam "Cercle d'Echecs Aubagnais"]

1. e4 e6 2. d4 d5 3. Bd3 c5 4. Be3 c4 5. Be2 dxe4 6. Bxc4 Nf6 7. Nc3 Bb4 8.
Bb5+ Bd7 9. Bxd7+ Qxd7 10. Qd2 Nd5 11. a3 Nxc3 12. bxc3 Ba5 13. Bf4 Na6 14. Nh3
Rc8 15. O-O Bxc3 16. Qe2 Bxa1 17. Rxa1 Nc7 18. Qxe4 Nd5 19. Qe5 f6 20. Qh5+ Qf7
21. Qe2 Nxf4 22. Nxf4 O-O 23. Nxe6 Rfe8 24. d5 a6 25. c4 Rc5 26. Qg4 Rcc8 27.
Rc1 f5 28. Qe2 b5 29. c5 Rcd8 30. Rd1 Qf6 31. c6 Rxe6 32. dxe6 Rxd1+ 33. Qxd1
Qe7 34. Qd5 1-0

[Event "Open Aubagne 2024/25"]
[Site "AubagneGNE"]
[Date "2025.03.01"]
[Round "8.21"]
[Board "21"]
[White "Mouhieddine, Marouane"]
[Black "Giraudoux Lognos, Lina"]
[Result "0-1"]
[WhiteElo "1299"]
[BlackElo "1399"]
[PlyCount "43"]
[GameId "2152560376385953"]
[WhiteTeam "Cassis Echecs"]
[BlackTeam "Cercle d'Echecs Aubagnais"]

1. e4 c5 2. d4 cxd4 3. Qxd4 Nc6 4. Qd1 Nf6 5. Nc3 e6 6. Nf3 Qa5 7. Bd2 Bb4 8. Nb5 Nxe4 9. Bxb4 Qxb4+ 10. Qd2 Nxd2 11. Nc7+ Kf8 12. Nxa8 Nxf3+ 13. Ke2 Nfd4+ 14. Kd3 Qxb2 15. Be2 Nxe2 16. Kxe2 Qxc2+ 17. Kf3 Nd4+ 18. Kg3 d6 19. Rac1 Ne2+ 20. Kf3 Nxc1 21. Rxc1 Qxc1 22. g4 0-1

[Event "Open Aubagne 2024/25"]
[Site "Aubagne"]
[Date "2025.03.22"]
[Round "9.1"]
[White "Madi, Walid"]
[Black "Belaid, Noa"]
[Result "1-0"]
[WhiteElo "1855"]
[BlackElo "1697"]
[PlyCount "71"]
[WhiteTeam "Cercle d'Echecs Aubagnais"]
[BlackTeam "Hay Chess"]

1. d4 d5 2. c4 Nc6 3. Nc3 Nf6 4. cxd5 Nxd5 5. e4 Nxc3 6. bxc3 e5 7. d5 Ne7 8.
Bd3 Ng6 9. Ne2 Bc5 10. O-O O-O 11. Kh1 Bg4 12. f3 Bd7 13. Rb1 Rb8 14. f4 f5 15.
fxe5 fxe4 16. Bxe4 Nxe5 17. Bf4 Ng4 18. Qd3 Nf2+ 19. Rxf2 Bxf2 20. Bxh7+ Kh8
21. Be5 Qe7 22. Nf4 Rxf4 23. Bxf4 Qh4 24. Bf5 Qxf4 25. Bxd7 Rf8 26. Rf1 Qh6 27.
Rb1 Bb6 28. Be6 Rf2 29. Qd1 Qg5 30. Bh3 Rd2 31. Qe1 Rxd5 32. Qe8+ Kh7 33. Qe4+
Kh8 34. Rf1 Qf6 35. g3 Re5 36. Rxf6 1-0

[Event "Open Aubagne 2024/25"]
[Site "AubagneGNE"]
[Date "2025.03.22"]
[Round "9.2"]
[Board "2"]
[White "Vrillet, Loan"]
[Black "Mouhieddine, Hocine"]
[Result "0-1"]
[WhiteElo "1736"]
[BlackElo "1839"]
[PlyCount "106"]
[GameId "2158635821572442"]
[WhiteTeam "Cercle d'Echecs Aubagnais"]
[BlackTeam "Cassis Echecs"]

1. d4 d5 2. c4 c6 3. Nc3 Nf6 4. Nf3 e6 5. Bg5 Be7 6. e3 h6 7. Bh4 Qa5 8. Nd2 Nbd7 9. Bd3 a6 10. a4 Qd8 11. Bg3 O-O 12. O-O Re8 13. a5 Bb4 14. Qa4 Be7 15. h3 Nf8 16. Nf3 Kh8 17. Ne5 Kg8 18. c5 N6d7 19. f4 f6 20. Nf3 f5 21. b4 Nh7 22. Qd1 Rf8 23. Na4 Qe8 24. Nb2 Qd8 25. Bc2 Rb8 26. Nd3 Ndf6 27. Nde5 Ne4 28. Bxe4 fxe4 29. Nh2 Bd7 30. Nxd7 Qxd7 31. Ng4 Nf6 32. f5 Nxg4 33. hxg4 Rbe8 34. fxe6 Qxe6 35. Qe2 Rxf1+ 36. Rxf1 Rf8 37. Rxf8+ Kxf8 38. Qf2+ Qf7 39. Kh2 Qf6 40. Qf5 Qxf5 41. gxf5 Bg5 42. Bf2 Kf7 43. g4 Kf6 44. Kh3 h5 45. Bg1 g6 46. fxg6 Kxg6 47. Bf2 Kh6 48. gxh5 Kxh5 49. Bg1 Bh4 50. Bh2 Be1 51. Bc7 Bd2 52. b5 axb5 53. Bf4 b4 0-1

[Event "Open Aubagne 2024/25"]
[Site "Aubagne"]
[Date "2025.03.22"]
[Round "9.3"]
[White "Kuntz, Tom"]
[Black "Gomez, Guy"]
[Result "1/2-1/2"]
[WhiteElo "1857"]
[BlackElo "1664"]
[PlyCount "98"]
[WhiteTeam "Marseille Passion Echecs"]
[BlackTeam "Cercle d'Echecs Aubagnais"]

1. e4 g6 2. d4 Bg7 3. Nf3 e6 4. Nc3 d6 5. Be3 Ne7 6. Qd2 h6 7. h4 Nd7 8. Bc4
Nb6 9. Bb3 Bd7 10. Nh2 d5 11. Ng4 dxe4 12. Bxh6 Bxh6 13. Nxh6 Ned5 14. Nxe4 f5
15. Nc5 Qe7 16. g4 fxg4 17. Nxg4 Rxh4 18. O-O-O O-O-O 19. Ne5 g5 20. Ng6 Qf6
21. Nxh4 gxh4 22. Rh2 Bc6 23. c3 Nf4 24. Qe3 Nbd5 25. Qe5 Qh6 26. Kb1 Rf8 27.
Re1 Rf5 28. Rxh4 Rxe5 29. Rxh6 Rxe1+ 30. Kc2 Re2+ 31. Kd1 Kd8 32. Nd3 Ke7 33.
Bxd5 Bxd5 34. Nxf4 Rxf2 35. Nxd5+ exd5 36. Kc1 Rf6 37. Rh2 Kd6 38. Kc2 b6 39.
a4 c5 40. dxc5+ Kxc5 41. b4+ Kc6 42. Rh4 Rf1 43. Rh6+ Kb7 44. Rh7+ Kb8 45. Rd7
Rf2+ 46. Kb3 Rf5 47. a5 bxa5 48. bxa5 d4 49. cxd4 Rxa5 1/2-1/2

[Event "Open Aubagne 2024/25"]
[Site "AubagneGNE"]
[Date "2025.03.22"]
[Round "9.4"]
[Board "4"]
[White "Madi, Chahinez"]
[Black "Maggio, Lucas"]
[Result "0-1"]
[WhiteElo "1768"]
[BlackElo "1770"]
[PlyCount "64"]
[GameId "2158633744163137"]
[WhiteTeam "Cercle d'Echecs Aubagnais"]
[BlackTeam "Cercle d'Echecs Aubagnais"]

1. e4 e6 2. d4 d5 3. Bd3 dxe4 4. Bxe4 Nf6 5. Bf3 c5 6. Ne2 Nc6 7. c3 cxd4 8. cxd4 Bd6 9. O-O O-O 10. Nbc3 a6 11. Re1 h6 12. d5 Ne5 13. Be4 Nxe4 14. Nxe4 exd5 15. N4c3 Qh4 16. Bf4 Nf3+ 17. gxf3 Bxf4 18. Nxf4 Qxf4 19. Qxd5 Bh3 20. Ne2 Qf6 21. Ng3 Rad8 22. Qh5 Bd7 23. Kg2 Bc6 24. Nf5 Rd5 25. Ne7+ Qxe7 26. Rxe7 Rxh5 27. Re3 Re8 28. Rd3 Re6 29. Rad1 Rf5 30. Rd8+ Kh7 31. R8d3 Rg6+ 32. Kf1 Bb5 0-1

[Event "Open Aubagne 2024/25"]
[Site "AubagneGNE"]
[Date "2025.03.22"]
[Round "9.5"]
[Board "5"]
[White "Maffone, Jean-Charles"]
[Black "Vrillet, Sylvain"]
[Result "1/2-1/2"]
[WhiteElo "1710"]
[BlackElo "1769"]
[PlyCount "97"]
[GameId "2158610618290214"]
[WhiteTeam "Cercle d'Echecs Aubagnais"]
[BlackTeam "Cercle d'Echecs Aubagnais"]

1. e4 c5 2. c3 Nf6 3. e5 Nd5 4. d4 cxd4 5. cxd4 Nc6 6. Nf3 e6 7. Nc3 Nb6 8. Be2 d5 9. O-O Be7 10. Be3 O-O 11. Rc1 f5 12. exf6 Bxf6 13. Re1 Bd7 14. Qd2 Nc8 15. Bf4 Nxd4 16. Nxd4 e5 17. Nxd5 exf4 18. Nxf6+ Qxf6 19. Bc4+ Kh8 20. Bb3 Nb6 21. Ne6 Bxe6 22. Rxe6 Qf5 23. Qe1 Rad8 24. Re7 Rd7 25. Re8 Nd5 26. Re5 Qf7 27. Rd1 Rfd8 28. h3 h6 29. Qe4 Nf6 30. Rxd7 Qxd7 31. Qxf4 Qd6 32. Qe3 Rf8 33. Re6 Qc7 34. Re7 Qc6 35. Qe5 Qc1+ 36. Kh2 Qd2 37. f3 Qf2 38. Qg3 Qxg3+ 39. Kxg3 Rb8 40. Bf7 a5 41. Bg6 b6 42. Re5 Kg8 43. a4 Kf8 44. Kf4 Rd8 45. Ke3 Nd5+ 46. Ke4 Nf6+ 47. Ke3 Nd5+ 48. Ke4 Nf6+ 49. Ke3 1/2-1/2

[Event "Open Aubagne 2024/25"]
[Site "Aubagne"]
[Date "2025.03.22"]
[Round "9.7"]
[White "Engles, Baptiste"]
[Black "Roger, Patrick"]
[Result "1/2-1/2"]
[WhiteElo "1646"]
[BlackElo "1710"]
[PlyCount "80"]
[WhiteTeam "Hay Chess"]
[BlackTeam "Echiquier Marseillais 1872"]

1. e4 e6 2. d4 d5 3. Bd3 Nf6 4. e5 Nfd7 5. Nf3 c5 6. c3 Nc6 7. Be3 Qb6 8. b3
cxd4 9. cxd4 Bb4+ 10. Nbd2 Bc3 11. Rc1 Bb2 12. Rxc6 Qxc6 13. h4 Qc1 14. h5
Qxd1+ 15. Kxd1 h6 16. Nb1 a5 17. Kc2 a4 18. Kxb2 axb3 19. axb3 O-O 20. Nc3 Nb8
21. Nb5 Bd7 22. Nd6 b6 23. Rc1 Na6 24. Bd2 f6 25. b4 Ra7 26. Ra1 Rfa8 27. b5
Nb4 28. Rxa7 Nxd3+ 29. Kc3 Rxa7 30. Kxd3 Ra3+ 31. Kc2 f5 32. Kb2 Ra4 33. Bc3
Kh7 34. Kb3 Ra8 35. Nh4 Be8 36. Nxe8 Rxe8 37. Ng6 Kg8 38. Bb4 Kf7 39. Nf4 Rc8
40. Bc3 Rc4 1/2-1/2

[Event "Open Aubagne 2024/25"]
[Site "AubagneGNE"]
[Date "2025.03.23"]
[Round "9.8"]
[Board "8"]
[White "Proud'Hon, Gabriel"]
[Black "Bouidh, Sonia"]
[Result "1-0"]
[WhiteElo "1800"]
[BlackElo "1487"]
[PlyCount "73"]
[GameId "2158631193440562"]
[WhiteTeam "Hay Chess"]
[BlackTeam "Marseille Passion Echecs"]

1. e4 c5 2. Nf3 d6 3. d4 cxd4 4. Nxd4 a6 5. c4 Nf6 6. Nc3 e5 7. Nc2 Be7 8. Be2 O-O 9. O-O Be6 10. f3 Qc8 11. Ne3 Qc6 12. Qd2 Re8 13. Rd1 Nbd7 14. b3 Rad8 15. Ba3 b6 16. Rac1 Nf8 17. Rc2 Ng6 18. Bf1 Nf4 19. Rdc1 N6h5 20. Ncd5 Bg5 21. Rc3 Bc8 22. R1c2 Ne6 23. Qf2 Nd4 24. Rb2 Re6 25. Nc2 Nb5 26. cxb5 Qb7 27. bxa6 Qa7 28. Rc7 Qb8 29. a7 Qa8 30. Nxb6 Qb7 31. Rxb7 Bxb7 32. Bc4 Rg6 33. Bd5 Bxd5 34. exd5 Nf4 35. a8=Q Rxa8 36. Nxa8 Nxd5 37. Nb6 1-0

[Event "Open Aubagne 2024/25"]
[Site "Aubagne"]
[Date "2025.03.22"]
[Round "9.9"]
[White "Normand, Christophe"]
[Black "Arlot, Bastien"]
[Result "0-1"]
[WhiteElo "1543"]
[BlackElo "1617"]
[PlyCount "76"]
[WhiteTeam "Club d'Echecs Pennois (CEP)"]
[BlackTeam "Hay Chess"]

1. e4 e5 2. Nf3 Nc6 3. Bb5 a6 4. Ba4 Nf6 5. O-O d6 6. c3 Nxe4 7. Re1 Nc5 8.
Bxc6+ bxc6 9. d4 Nd7 10. dxe5 dxe5 11. Nxe5 Nxe5 12. Rxe5+ Be6 13. Qf3 Qd7 14.
Nd2 Be7 15. h3 O-O 16. Nf1 Bd5 17. Qd1 Bf6 18. Re1 Rfe8 19. Be3 Rab8 20. Qd2
Rbd8 21. a3 Qc8 22. Bg5 Rxe1 23. Rxe1 Bxg2 24. Bxf6 Rxd2 25. Bg5 Bxf1 26. Bxd2
Bxh3 27. Kh2 Kf8 28. Be3 Be6 29. Bd4 Qd7 30. Rg1 Qd6+ 31. Rg3 f6 32. b4 Qf4 33.
Be3 Qh4+ 34. Kg1 Bd5 35. Kf1 Qh1+ 36. Ke2 Kf7 37. f3 Bc4+ 38. Kd2 Qh2+ 0-1

[Event "Open Aubagne 2024/25"]
[Site "AubagneGNE"]
[Date "2025.03.22"]
[Round "9.10"]
[Board "10"]
[White "Hammami, Hakim"]
[Black "Gamblin, Vincent"]
[Result "0-1"]
[WhiteElo "1759"]
[BlackElo "1623"]
[PlyCount "98"]
[GameId "2158629364019481"]
[WhiteTeam "Cercle d'Echecs Aubagnais"]
[BlackTeam "L'Echiquier du Roy René"]

1. e4 c5 2. Nf3 e6 3. d4 cxd4 4. Nxd4 Nf6 5. Nc3 Bb4 6. e5 Nd5 7. Bd2 Nxc3 8. bxc3 Be7 9. Qg4 g6 10. Nb5 d5 11. Bd3 Nc6 12. Qg3 a6 13. Nd6+ Bxd6 14. exd6 e5 15. f4 Qxd6 16. fxe5 Qxe5+ 17. Qxe5+ Nxe5 18. Bh6 Nxd3+ 19. cxd3 Bf5 20. d4 Rc8 21. Rc1 b5 22. Kd2 Kd7 23. Bg7 Rhe8 24. Be5 Re6 25. Rhe1 h5 26. h4 Rce8 27. Ra1 f6 28. Bf4 Rxe1 29. Rxe1 Rxe1 30. Kxe1 a5 31. Kd2 a4 32. Kc1 Bd3 33. Kb2 Ke6 34. Ka3 Kf5 35. g3 g5 36. hxg5 fxg5 37. Be5 h4 38. gxh4 gxh4 39. Kb4 Bc4 40. Ka3 Kg4 41. Kb2 Kf3 42. a3 h3 43. Bd6 Kg2 44. Be5 h2 45. Bxh2 Kxh2 46. Kc1 Kg2 47. Kb2 Kf2 48. Kc1 Ke2 49. Kb2 Kd2 0-1

[Event "Open Aubagne 2024/25"]
[Site "Aubagne"]
[Date "2025.03.22"]
[Round "9.11"]
[White "Khojasteh, Armand"]
[Black "Battaglia, Gerard"]
[Result "1/2-1/2"]
[WhiteElo "1506"]
[BlackElo "1723"]
[PlyCount "89"]
[WhiteTeam "Club Provence Echecs"]
[BlackTeam "Echiquier Marseillais 1872"]

1. c4 e5 2. g3 c6 3. Bg2 Nf6 4. Nc3 Bb4 5. e4 O-O 6. Nge2 d6 7. a3 Ba5 8. b4
Bb6 9. h3 Be6 10. d3 Qc8 11. Na4 Bc7 12. c5 d5 13. Nec3 Rd8 14. Bg5 Nbd7 15.
O-O h6 16. exd5 cxd5 17. Bd2 Nf8 18. Kh2 Ng6 19. f4 exf4 20. gxf4 Qb8 21. Ne2
Nxf4 22. Nxf4 g5 23. Kh1 gxf4 24. Qf3 Ne8 25. d4 Ng7 26. Nc3 Nf5 27. Ne2 Nh4
28. Qh5 Nxg2 29. Qxh6 Bf5 30. Kxg2 Be4+ 31. Kf2 Rd7 32. Rg1+ Bg6 33. Rg4 Qf8
34. Bxf4 Re8 35. Ng3 Qxh6 36. Bxh6 Bxg3+ 37. Kxg3 Rde7 38. Rf1 Re2 39. Rf3 Re1
40. Bg5 Bh5 41. Rh4 Bxf3 42. Bf6 Bh5 43. Rxh5 R8e3+ 44. Kg2 R3e2+ 45. Kg3
1/2-1/2

[Event "Open Aubagne 2024/25"]
[Site "AubagneGNE"]
[Date "2025.03.22"]
[Round "9.12"]
[Board "12"]
[White "Dessagnes, Enzo"]
[Black "Engles, Pierre"]
[Result "0-1"]
[WhiteElo "1573"]
[BlackElo "1653"]
[PlyCount "42"]
[GameId "2158626712838331"]
[WhiteTeam "Cercle d'Echecs Aubagnais"]
[BlackTeam "Hay Chess"]

1. e4 Nf6 2. Nc3 d5 3. exd5 Nxd5 4. Bc4 Be6 5. Nxd5 Bxd5 6. Bxd5 Qxd5 7. Nf3 Nc6 8. d4 O-O-O 9. c3 e5 10. Be3 exd4 11. cxd4 Bb4+ 12. Kf1 Rhe8 13. Qd3 h6 14. a3 Ba5 15. Rc1 Re6 16. Rc5 Qxc5 17. b4 Nxb4 18. axb4 Qxb4 19. d5 Red6 20. Bd2 Qa4 21. Qf5+ Kb8 0-1

[Event "Open Aubagne 2024/25"]
[Site "AubagneGNE"]
[Date "2025.03.22"]
[Round "9.13"]
[Board "13"]
[White "Hassaine, Rachid"]
[Black "Benezra, David"]
[Result "1-0"]
[WhiteElo "1595"]
[BlackElo "1619"]
[PlyCount "59"]
[GameId "2158623532605612"]
[WhiteTeam "Cercle d'Echecs Aubagnais"]
[BlackTeam "L'Echiquier du Roy René"]

1. e4 c5 2. c3 Nf6 3. e5 Nd5 4. d4 cxd4 5. cxd4 d6 6. Nf3 Nc6 7. Bc4 Be6 8. Qb3 dxe5 9. Nxe5 Nxd4 10. Bb5+ Nxb5 11. Qxb5+ Bd7 12. Qxd5 Be6 13. Qb5+ Bd7 14. Qxd7+ Qxd7 15. Nxd7 Kxd7 16. Be3 g6 17. Bd4 Rg8 18. Nc3 Bh6 19. O-O Rge8 20. f4 b6 21. Rad1 Kc6 22. g3 e6 23. Be5 Bf8 24. Rd2 b5 25. Ne4 Rad8 26. Rc1+ Kb7 27. Rxd8 Rxd8 28. Rc7+ Kb6 29. Rxf7 h5 30. Bc7+ 1-0

[Event "Open Aubagne 2024/25"]
[Site "AubagneGNE"]
[Date "2025.03.22"]
[Round "9.14"]
[Board "14"]
[White "Roganova, Jeremy"]
[Black "Jardel, Stephane"]
[Result "1-0"]
[WhiteElo "1457"]
[BlackElo "1653"]
[PlyCount "119"]
[GameId "2158620651499675"]
[WhiteTeam "Cercle d'Echecs Aubagnais"]
[BlackTeam "Cercle d'Echecs Aubagnais"]

1. e4 d6 2. d4 e5 3. Nf3 Nd7 4. Bc4 Be7 5. O-O h6 6. Be3 Ngf6 7. Nc3 O-O 8. Qd2 Ng4 9. Rad1 Nxe3 10. Qxe3 a6 11. dxe5 dxe5 12. Nxe5 Bd6 13. Ng6 Re8 14. e5 Nc5 15. Qf3 Be6 16. Bxe6 Rxe6 17. exd6 Rxg6 18. dxc7 Qxc7 19. Nd5 Qd8 20. Qe3 Ne6 21. Nf4 Qf6 22. Nxg6 Qxg6 23. c3 Rf8 24. f4 f5 25. Rd6 Rf6 26. Rfd1 h5 27. Re1 Kf7 28. Rd7+ Kg8 29. Rxb7 Qg4 30. g3 Rg6 31. Kf2 h4 32. Re7 hxg3+ 33. hxg3 Qh3 34. Qf3 Qh2+ 35. Qg2 Qxg2+ 36. Kxg2 Nxf4+ 37. Kf3 Nh5 38. Re8+ Kh7 39. Rh1 Rxg3+ 40. Kf2 Rg5 41. c4 f4 42. b4 Kg6 43. c5 Rd5 44. Ke2 Ng3+ 45. Kf3 Nxh1 46. c6 Rd3+ 47. Kxf4 Rd4+ 48. Ke5 Rd2 49. Rb8 Re2+ 50. Kd6 Rd2+ 51. Kc7 Ng3 52. Kb6 Nf5 53. c7 Rd6+ 54. Kc5 Kf6 55. c8=Q Rd5+ 56. Kb6 Rd6+ 57. Ka5 Rd5+ 58. Ka4 Rd2 59. Qc3+ Rd4 60. Rf8+ 1-0

[Event "Open Aubagne 2024/25"]
[Site "Aubagne"]
[Date "2025.02.22"]
[Round "9.15"]
[White "Portes, Daniel"]
[Black "Leonti, Denis"]
[Result "1-0"]
[WhiteElo "1527"]
[BlackElo "1502"]
[PlyCount "59"]
[WhiteTeam "Hay Chess"]
[BlackTeam "Hay Chess"]

1. Nf3 e6 2. d4 d5 3. e3 c5 4. b3 cxd4 5. exd4 Nf6 6. Bd3 b6 7. Bb2 Ba6 8. O-O
Bxd3 9. Qxd3 Bd6 10. Ne5 O-O 11. Nd2 Qc7 12. f4 Nbd7 13. c4 Be7 14. Rac1 Nxe5
15. fxe5 Nd7 16. cxd5 Qb7 17. dxe6 fxe6 18. Rxf8+ Rxf8 19. Rf1 Qd5 20. Qc4
Rxf1+ 21. Kxf1 Kf7 22. Qxd5 exd5 23. Kf2 Ke6 24. Kf3 Bg5 25. Nf1 Nb8 26. Ng3
Nc6 27. Nh5 g6 28. Nf4+ Kf5 29. Nxd5 Ke6 30. Ke4 1-0